000 00699nam a2200229 i 4500
001 bgj
245 0 0 _aPositive Living and Health :
_bthe complete guide to brain/body healing and mental empowerment /
_cby Mark Bricklin [et al.] ; from an idea of Robert Rodale.
260 _aEmmaus, Pa :
_bRodale Press,
_cc. 1990.
300 _aXI, 516 pp :
_bill. ;
_c24 cm.
505 _aIncludes index.
650 9 _aHealth
650 9 _aMind and body
650 9 _aSelf-actualization
700 1 _aBRICKLIN, Mark.
_eed.
700 1 _aRODALE, Robert
020 _a0878578544
040 _cBPK
041 0 _aeng
920 _a0-87857-854-4
942 _cKS
008 s uk f |000 0 eng
999 _c47580
_d47580
856 _uhttp://koha.tu.koszalin.pl/cgi-bin/koha/opac-detail.pl?biblionumber=47580
_yKatalog online BPK